Detalles MARC
| 000 -LEADER |
| fixed length control field |
02991nam a2200349 a 4500 |
| 001 - CONTROL NUMBER |
| control field |
000002944 |
| 003 - CONTROL NUMBER IDENTIFIER |
| control field |
DO-SdBNP |
| 005 - DATE AND TIME OF LATEST TRANSACTION |
| control field |
20230301073310.0 |
| 008 - FIXED-LENGTH DATA ELEMENTS--GENERAL INFORMATION |
| fixed length control field |
090706s2008 dr ad 001 0 spa d |
| 020 ## - INTERNATIONAL STANDARD BOOK NUMBER |
| International Standard Book Number |
9789945162295 |
| 040 ## - CATALOGING SOURCE |
| Original cataloging agency |
DO-SdBNP |
| Language of cataloging |
spa |
| Transcribing agency |
BPMSU |
| 082 #4 - DEWEY DECIMAL CLASSIFICATION NUMBER |
| Classification number |
327.729307294 |
| Item number |
R438L 2008 |
| Edition number |
22 |
| 245 04 - TITLE STATEMENT |
| Title |
Los retos del desarrollo insular : |
| Remainder of title |
desarrollo sostenible, migraciones y derechos humanos en las relaciones domínico-haitiana en el siglo XXI / |
| Statement of responsibility, etc. |
editores Wilfredo Lozano, Bridget Wooding. |
| 260 ## - PUBLICATION, DISTRIBUTION, ETC. (IMPRINT) |
| Place of publication, distribution, etc. |
Santo Domingo : |
| Name of publisher, distributor, etc. |
FLACSO, |
| Date of publication, distribution, etc. |
2008. |
| 300 ## - PHYSICAL DESCRIPTION |
| Extent |
388 p. : |
| Other physical details |
il., gráfcs. ; |
| Dimensions |
23 cm. |
| 500 ## - GENERAL NOTE |
| General note |
Incluye referencias bibliograficas y notas al pie de las páginas |
| 504 ## - BIBLIOGRAPHY, ETC. NOTE |
| Bibliography, etc |
Bibliografía : p.363-383. |
| 505 0# - FORMATTED CONTENTS NOTE |
| Formatted contents note |
Introducción 9 -- Agradecimientos 17 -- PROCESOS DE INTEGRACIÓN, COMERCIO Y APERTURA ECONÓMICA 19 -- El EPA y las posibilidades del desarrollo binacional Domínico-Haitiano en la integración caribeña 21 -- Tratado de libre comercio, integración regional en el caribe y desarrollo binacional 43 -- Reflexiones sobre el impacto del DR-CAFTA en las relaciones comerciales de República Dominicana con Haití 63 -- DESARROLLO SOSTENIBLE, FRONTERA Y SEGURIDAD 73 -- La cooperación internacional y la sostenibilidad ambiental en la frontera desde una perspectiva binacional 75 -- La cuestión del desarrollo en la frontera domínico-haitiana 89 -- Quisqueya : frontera y relaciones haitiano-dominicanas 111 -- Los problemas de la inseguridad insular frente a la seguridad regional 137 -- MIGRACIONES, POLÍTICAS MIGRATORIAS Y DERECHOS HUMANOS 173 -- La inmigración haitiana contemporánea a la República Dominicana 175 -- Hacia la construcción de la voluntad política para elaborar políticas migratorias 227 -- Políticas migratorias y relaciones domínico-haitianas : de la movilidad insular del trabajo a las presiones de la globalización 237 -- Como cerdos en el lodo : nuevos retos de la sociedad civil frente a la discriminación y la apatridia en la República Dominicana 277 -- Migración haitiana y Ley de migración en la República Dominicana : Le Blocage 301 -- LOS RETOS DEL DESARROLLO INSULAR 321 -- Propuesta para una nueva agenda de relaciones domínico-haitianas en el siglo XXI 323 -- Bibliografía general 363 -- Autores 385. |
| 590 ## - LOCAL NOTE (RLIN) |
| Local note |
Inventariado, 2022/VM |
| 650 #4 - SUBJECT ADDED ENTRY--TOPICAL TERM |
| Topical term or geographic name as entry element |
Desarrollo sostenible |
| Geographic subdivision |
República Dominicana |
| 650 #4 - SUBJECT ADDED ENTRY--TOPICAL TERM |
| Topical term or geographic name as entry element |
Desarrollo sostenible |
| Geographic subdivision |
Haití |
| 651 #4 - SUBJECT ADDED ENTRY--GEOGRAPHIC NAME |
| Geographic name |
República Dominicana |
| General subdivision |
Relaciones exteriores |
| Geographic subdivision |
Haití |
| 651 #4 - SUBJECT ADDED ENTRY--GEOGRAPHIC NAME |
| Geographic name |
Haití |
| General subdivision |
Relaciones exteriores |
| Geographic subdivision |
República Dominicana |
| 651 #4 - SUBJECT ADDED ENTRY--GEOGRAPHIC NAME |
| Geographic name |
República Dominicana |
| General subdivision |
Emigración e inmigración |
| -- |
Aspectos económicos |
| 651 #4 - SUBJECT ADDED ENTRY--GEOGRAPHIC NAME |
| Geographic name |
República Dominicana |
| General subdivision |
Tratados comerciales |
| 651 #4 - SUBJECT ADDED ENTRY--GEOGRAPHIC NAME |
| Geographic name |
República Dominicana |
| General subdivision |
Emigración inmigración |
| -- |
Aspectos sociales |
| 700 1# - ADDED ENTRY--PERSONAL NAME |
| Personal name |
Lozano, Wilfredo |
| Dates associated with a name |
1950- |
| Relator term |
ed. |
| 700 1# - ADDED ENTRY--PERSONAL NAME |
| Personal name |
Wooding, Bridget, |
| Relator term |
ed. |
| 710 2# - ADDED ENTRY--CORPORATE NAME |
| Corporate name or jurisdiction name as entry element |
FLACSO (República Dominicana) |
| 910 ## - USER-OPTION DATA (OCLC) |
| User-option data |
VMateo V./Validado |
| 942 ## - ADDED ENTRY ELEMENTS (KOHA) |
| Source of classification or shelving scheme |
Dewey Decimal Classification |
| Koha item type |
Libros |